000 00716cab a2200241 4500
001 ABS36561
008 090401t1986 xxu||||| |||| 00| 0 eng d
035 _a(Sirsi) u85810
041 _aeng
100 _aRice, P.R.
245 _aLloyds redevelopment
260 _c1986
350 _a0
490 _aStructural Engineer
_v64A(10) October 1986, 265-281(17)
520 _aDescribes in detail the design and construction of the new headquarters for Lloyd`s, with emphasis on the reasons behind the way the design developed.
650 _aCITY
650 _aLONDON
650 _aOFFICES
690 _aBUILDING AND CONSTRUCTION-PROJECTS
700 _aThornton, J.A.
942 _n0
948 _c04/03/1997
999 _c53975
_d53975